| 000 | 00000nas##2200000za#4500 |
| 001 | 9.504976 |
| 003 | CaOODSP |
| 005 | 20200325125236 |
| 007 | cr ||||||||||| |
| 008 | 150406c2000||||xxc|| p o||||f| |0eng|d |
| 022 | |a1494-7153 |
| 040 | |aCaOODSP|beng |
| 043 | |an-cn--- |
| 086 | 1 |aNE12-4E-PDF |
| 110 | 1 |aCanada. |bNational Energy Board. |
| 245 | 10|aRegulatory agenda |h[electronic resource] |
| 260 | |aCalgary - Alberta : |bNational Energy Board |
| 310 | |aQuarterly |
| 362 | 1 |a06-2000, 30 June 2000 -- |
| 500 | |aMonthly until October 2006. ISSNs and Catalogue numbers of different format and language edition have been printed in these publications. |
| 690 | 07|aEnergy|2gcpds |
| 690 | 07|aFederal institutions|2gcpds |
| 690 | 07|aRegulations|2gcpds |
| 690 | 07|aEnergy policy|2gcpds |
| 775 | 08|tActivités de réglementation |w(CaOODSP)9.501375 |
| 776 | 0#|tRegulatory agenda |w(CaOODSP)9.514292 |